000 01200 a2200241 4500
001 45555
005 20260407155728.0
008 260407a2005 arg spa d
003 AR-UNSa-BCEJYS
040 _aAR-UNSa-BCEJYS
_bspa
_cAR-UNSa-BCEJYS
080 _a339.174
_xFerias comerciales
245 1 0 _aLas ferias rurales en la Provincia de Tucumán
020 _a950-554-439-1
264 1 _aMarburg :
_bPhilipps Universität Marburg
_c2005
300 _a101 p.
_c22 cm.
505 _a1. Introducción - 2. Marco teórico y estado actual del conocimiento - 3. Objetivos de la investigación - 4. Metodología de la investigación - 5. Las ferias rurales: distribución y criterios estructurales - 6. Las funciones de las ferias - 7. Importancia de las ferias para los pequeños productores y su situación socio-económica - 8. Trabajo extrapredial y emigración como criterios de la pobreza (extrema) para los pequeños productores -
041 _aspa
942 _cBK
590 _aniveau_biblio:m niveau_hierar:0
100 1 _aPaolasso, Pablo
700 1 _aMertins, Günter
856 4 1 _uhttps://www.biblioeco.unsa.edu.ar/pmb/images/libros/L127138.jpg
_yImagen de portada
_qimage/jpeg
999 _c3966
_d3966